[Event "CAN-ch U20 op"]
[Site "Toronto"]
[Date "2018.08.09"]
[Round "2.5"]
[White "Li, Kevin"]
[Black "Jiang, Brian"]
[Result "0-1"]
[WhiteElo "1706"]
[BlackElo "2094"]
[PlyCount "58"]
[EventDate "2018.08.08"]
[EventType "swiss"]
[EventRounds "9"]
[EventCountry "CAN"]
[SourceTitle "EXT 2022"]
[Source "ChessBase"]
[SourceDate "2021.10.06"]
[SourceVersion "1"]
[SourceVersionDate "2021.10.06"]
[SourceQuality "1"]

1. e4 c5 2. Nf3 Nc6 3. d4 cxd4 4. Nxd4 e6 5. Be3 Qc7 6. Nc3 a6 7. a3 b5 8. f4 Bb7 9. Qf3 Nf6 10. g4 b4 11. axb4 Bxb4 12. Bd3 d5 13. e5 Ne4 14. Bxe4 dxe4 15. Qe2 Rd8 16. Qc4 a5 17. Ndb5 Qe7 18. g5 0-0 19. 0-0 Rc8 20. Qe2 Rfd8 21. Bb6 Bc5+ 22. Bxc5 Qxc5+ 23. Kh1 e3 24. Ne4 Nxe5 25. Nbc3 Nc4 26. Kg1 Qd4 27. Rad1 Nd2 28. Ng3 Qb6 29. Nh5 Qc6 0-1

[Event "CAN-ch U20 op"]
[Site "Toronto"]
[Date "2018.08.08"]
[Round "1.7"]
[White "Jiang, Brian"]
[Black "Adamo, Brendan"]
[Result "1-0"]
[WhiteElo "2094"]
[BlackElo "1821"]
[PlyCount "101"]
[EventDate "2018.08.08"]
[EventType "swiss"]
[EventRounds "9"]
[EventCountry "CAN"]
[SourceTitle "EXT 2022"]
[Source "ChessBase"]
[SourceDate "2021.10.06"]
[SourceVersion "1"]
[SourceVersionDate "2021.10.06"]
[SourceQuality "1"]

1. d4 Nf6 2. c4 g6 3. Nc3 Bg7 4. Nf3 d6 5. Bg5 h6 6. Bh4 0-0 7. e3 Nc6 8. d5 Nb4 9. a3 Na6 10. Qc2 Nc5 11. Nd2 a5 12. Be2 c6 13. 0-0 a4 14. f3 e5 15. Rad1 Qc7 16. Bf2 Bd7 17. e4 cxd5 18. cxd5 Rfc8 19. Rc1 Nh5 20. g3 Nf6 21. Be3 Kh7 22. g4 g5 23. Kg2 Ne8 24. Nd1 b6 25. Nc3 Qb7 26. Rh1 Kg8 27. Qb1 Bf8 28. h4 f6 29. hxg5 fxg5 30. Rh3 Kf7 31. Rch1 Kg6 32. R1h2 Nf6 33. Qh1 Ng8 34. Nf1 b5 35. Ng3 b4 36. Nd1 bxa3 37. bxa3 Qb3 38. Nf5 Bxf5 39. gxf5+ Kf6 40. Rxh6+ Nxh6 41. Rxh6+ Bxh6 42. Qxh6+ Kf7 43. Qg6+ Kf8 44. Bxg5 Qb7 45. Bh6+ Ke7 46. Qg7+ Ke8 47. Qg8+ Ke7 48. Qg7+ Ke8 49. Qg8+ Ke7 50. Bg5+ Kd7 51. Qf7# 1-0

[Event "Mississauga Golden Horseshoe op"]
[Site "Mississauga"]
[Date "2018.06.03"]
[Round "4"]
[White "Papneja, Arul"]
[Black "Jiang, Brian"]
[Result "1-0"]
[WhiteElo "1683"]
[BlackElo "1852"]
[PlyCount "59"]
[EventDate "2018.06.02"]
[EventType "swiss"]
[EventRounds "5"]
[EventCountry "CAN"]
[SourceTitle "EXT 2019"]
[Source "ChessBase"]
[SourceDate "2018.10.10"]
[SourceVersion "1"]
[SourceVersionDate "2018.10.10"]
[SourceQuality "1"]

1. d4 Nf6 2. Nf3 e6 3. Bf4 c5 4. e3 Nc6 5. c3 d5 6. Nbd2 Bd6 7. Bg3 0-0 8. Bd3 b6 9. e4 Be7 10. e5 Nh5 11. Ng5 Bxg5 12. Qxh5 g6 13. Qf3 cxd4 14. h4 Be7 15. h5 f5 16. hxg6 hxg6 17. Bf4 Rf7 18. Rh6 Rg7 19. Qh3 Qc7 20. Nf3 dxc3 21. Rh8+ Kf7 22. Rh7 cxb2 23. Rxg7+ Kxg7 24. Qh6+ Kf7 25. Qh7+ Ke8 26. Qxg6+ Kd7 27. Rb1 Bb4+ 28. Kf1 Ne7 29. Bb5+ Nc6 30. Nd4 1-0

[Event "CAN-ch U20"]
[Site "Mississauga"]
[Date "2017.08.10"]
[Round "2"]
[White "Uthayakumar, Ronan"]
[Black "Jiang, Brian"]
[Result "1-0"]
[WhiteElo "1656"]
[BlackElo "1589"]
[PlyCount "53"]
[EventDate "2017.08.09"]
[EventType "swiss"]
[EventRounds "9"]
[EventCountry "CAN"]
[SourceTitle "CBM 180 Extra"]
[Source "ChessBase"]
[SourceDate "2017.10.06"]
[SourceVersion "1"]
[SourceVersionDate "2017.10.06"]
[SourceQuality "1"]

1. e4 c5 2. Nf3 Nc6 3. d4 cxd4 4. Nxd4 g6 5. Be2 Bg7 6. Nb3 Nf6 7. Nc3 0-0 8. 0-0 d6 9. Re1 Be6 10. Bf1 Rc8 11. h3 Ne5 12. Nd5 Nc4 13. Bxc4 Rxc4 14. Qd3 b5 15. a4 Nxd5 16. exd5 Bf5 17. Qe3 Re4 18. Qd2 Rxe1+ 19. Qxe1 bxa4 20. Na5 Bd7 21. Nc6 Bxc6 22. dxc6 Qc7 23. Qe4 Rc8 24. Rxa4 Qxc6 25. Qxc6 Rxc6 26. Rxa7 Rxc2 27. Ra8+ 1-0